000
00323nam a22001337a 4500
008
181019b xxu||||| |||| 00| 0 eng d
020
_a
9780138554798
041
_a
eng
080
_a
821
100
_a
42
101
_a
ARK
245
_a
Structure In Five Designing Effective Organizations
_c
Henry.M
942
_2
udc
_c
BK
999
_c
50209
_d
50209